| 000 | 00555nam a2200193Ia 4500 | ||
|---|---|---|---|
| 005 | 20220921144843.0 | ||
| 008 | 131103s9999 xx 000 0 und d | ||
| 040 | _aLoreto College | ||
| 041 | _aEnglish | ||
| 082 |
_a954.02 _bGRE |
||
| 100 | _aGrewal,J.S. | ||
| 245 |
_aMuslim rule in India _b the assessments of British historians _cJ.S.Grewal |
||
| 260 |
_aLondon _bOxford University Press _c1970 |
||
| 300 | _axvi,218 p. | ||
| 504 | _aIncludes index and bibliographical references | ||
| 650 | _aMedieval History | ||
| 850 | _aLCLIB | ||
| 942 | _cBK | ||
| 999 |
_c9415 _d59894 |
||